Aspectos económicos del cine español (Record no. 26165)

MARC details
000 -LEADER
campo de control de longitud fija 00908nam a2200193 i 4500
001 - NÚMERO DE CONTROL
campo de control 26165
003 - IDENTIFICADOR DE NÚMERO DE CONTROL
campo de control ES-MaACL
005 - FECHA Y HORA DE LA ÚLTIMA TRANSACCIÓN
campo de control 20230906153409.0
007 - CAMPO FIJO DE DESCRIPCIÓN FÍSICA--INFORMACIÓN GENERAL
campo de control de longitud fija t|
008 - DATOS DE LONGITUD FIJA--INFORMACIÓN GENERAL
campo de control de longitud fija 030108s1966 sp ||||1| spa d
245 00 - MENCIÓN DEL TÍTULO
Título Aspectos económicos del cine español
Resto del título : período 1953 a 1965 /
Mención de responsabilidad, etc. [trabajo del Servicio Sindical de Estadística ; elaboración a cargo del Servicio de Estadística en el Sindicato Nacional del Espectáculo ; dirección y comentarios, Ramón del Valle Fernández].
260 ## - PUBLICACIÓN, DISTRIBUCIÓN, ETC.
Lugar de publicación, distribución, etc. Madrid :
Nombre del editor, distribuidor, etc. Ediciones y Publicaciones Populares :
-- Servicio Sindical de Estadística,
Fecha de publicación, distribución, etc. 1966.
300 ## - DESCRIPCIÓN FÍSICA
Extensión 240 p. :
Otras características físicas il. ;
Dimensiones 21 x 25 cm.
650 #4 - PUNTO DE ACCESO ADICIONAL DE MATERIA--TÉRMINO DE MATERIA
Término de materia o nombre geográfico como elemento de entrada Industria cinematográfica-
Subdivisión geográfica España.
9 (RLIN) 164509
700 1# - ENTRADA AGREGADA--NOMBRE PERSONAL
Nombre de persona Valle Fernández, Ramón del.
9 (RLIN) 112788
710 2# - ENTRADA AGREGADA--NOMBRE DE ENTIDAD CORPORATIVA
Nombre de entidad corporativa o nombre de jurisdicción como elemento de entrada Servicio Sindical de Estadística (España)
9 (RLIN) 164510
710 2# - ENTRADA AGREGADA--NOMBRE DE ENTIDAD CORPORATIVA
Nombre de entidad corporativa o nombre de jurisdicción como elemento de entrada Sindicato Nacional del Espectáculo.
9 (RLIN) 6610
852 ## - LOCALIZACIÓN
Ubicación ES-MaACL
Número de control de estantería C-31101
Holdings
Estatus retirado Estado de pérdida Estado de daño No para préstamo Biblioteca de origen Biblioteca actual Ubicación en estantería Fecha de adquisición Fuente de adquisición Total de préstamos Signatura topográfica completa Código de barras Visto por última vez Precio de reemplazo Tipo de ítem Koha
        Biblioteca del Ateneo de Madrid Biblioteca del Ateneo de Madrid Depósito 2 17/01/2008     C-31101 1027002 23/02/2023 23/02/2023 Libro impreso